<?xml version="1.0" encoding="UTF-8"?>
<marc:record xmlns:marc="http://www.loc.gov/MARC21/slim">
   <marc:leader>00000nam a2200000 a 4500</marc:leader>
   <marc:datafield ind1="1" ind2=" " tag="100">
      <marc:subfield code="a">Thilo, Graf Rotkirch</marc:subfield>
      <marc:subfield code="4">aut</marc:subfield>
      <marc:subfield code="e">Verfasser/-in</marc:subfield>
   </marc:datafield>
   <marc:datafield ind1="0" ind2="0" tag="245">
      <marc:subfield code="a">Der kleine Eisbär - Lars und der kleine Tiger</marc:subfield>
   </marc:datafield>
   <marc:datafield ind1=" " ind2="1" tag="264">
      <marc:subfield code="a">Hamburg</marc:subfield>
      <marc:subfield code="b">Warner Home Video</marc:subfield>
      <marc:subfield code="c">2008</marc:subfield>
   </marc:datafield>
   <marc:datafield ind1="1" ind2=" " tag="520">
      <marc:subfield code="a">Kurzbeschreibung&#xD;
Lars ist wieder da! Nach seinem ersten großen Kinofilm präsentiert der kleine Eisbär nun in seinem neuen Film viele weitere Abenteuer. Und da es viel schöner ist, spannende Abenteuer nicht ganz alleine zu bestehen, schließt der unternehmungslustige Lars auf seinen Streifzügen in der großen Hafenstadt, im Tigerwald und auf der bunten Insel Freundschaft mit Nemo, der Schiffskatze und dem kleinen Tiger Theo. Aber natürlich sind wie immer auch seine besten Freunde Robby und Greta wieder mit von der Partie. &#xD;
&#xD;
&#xD;
Bonusmaterial:&#xD;
Szenenwahl; Die neuen Freunde von Lars; Rund um den Film; Sing mit Lars und seinen neuen Freunden; PC-Spiel "Die Reise in den Tigerwald"; 3 Miniposter und 1 Motiv zum Ausdrucken;&#xD;
&#xD;
VideoMarkt&#xD;
Lars streift wieder mit seinen Freunden durch die Welt. In diesem Film schließt Lars unter anderem Freundschaft mit Theo, dem kleinen Tiger und der Schiffskatze Nemo. Mit ihnen erlebt er spannende Abenteuer in der Hafenstadt, auf der bunten Insel und im Tigerwald. Selbstverständlich sind auch Greta und Robby wieder mit dabei, wenn es darum geht, mit Lars etwas zu erleben.</marc:subfield>
   </marc:datafield>
   <marc:datafield ind1=" " ind2=" " tag="041">
      <marc:subfield code="a">ger</marc:subfield>
   </marc:datafield>
   <marc:datafield ind1=" " ind2=" " tag="338">
      <marc:subfield code="a">Videodisk</marc:subfield>
   </marc:datafield>
   <marc:datafield ind1=" " ind2=" " tag="300">
      <marc:subfield code="a">1 DVD</marc:subfield>
   </marc:datafield>
</marc:record>
